000 00869nam a2200265Ia 4500
003 OSt
005 20221005111501.0
006 a|||||r|||| 00| 0
007 ta
008 shi
020 _a9788126051380 (pbk)
_cIndian Rupees 50
024 _a44193
037 _bGift, 07/06/2019,
_cTextual
040 _aCRL
_cCRL
_bshi
041 _2shi
_ashi
082 _aO1593,6x, 152Q6
100 _aजेटली, मुरलीधर, ले.
245 0 _aतीर्थ बसंत
246 _aTīrtha basanta
260 _aनई दिल्ली
_bसाहित्य अकादमी भारत
_c2016
300 _a72पृ0
_ccm.
650 _aसिन्धी साहित्य
942 _hO1593,6x, 152Q6
_cTEXL
_2cc
999 _c1021982
_d1021982